Arrêts de la ligne C14 de Lyon (TCL) - Statistiques

Statistiques générales
  • Ce quiz a été pris 44 fois
  • Le résultat moyen est 20 sur 37
Statistiques - réponses
Arrondissement Arrêt % Correct
Lyon 7e Jean Macé
97%
Lyon 2e Cordeliers
88%
Lyon 7e Saxe - Gambetta
82%
Lyon 9e Valmy
82%
Lyon 9e Pont Mouton
79%
Écully Les Sources
76%
Lyon 9e Gare de Vaise
73%
Lyon 1er Hôtel de Ville Louis Pradel
73%
Lyon 6e Saxe - Lafayette
70%
Lyon 3e Saxe - Préfecture
64%
Lyon 9e Place de Paris
61%
Lyon 5e St-Paul
61%
Lyon 7e Thibaudière
61%
Lyon 9e Tissot
61%
Lyon 1er (dir. Jean Macé) Saint-Vincent
58%
Lyon 7e Université - Jean Jaurès
58%
Lyon 9e Duchère Piscine
55%
Lyon 9e Mouillard
55%
Lyon 1er Terreaux La Feuillée
55%
Lyon 9e Duchère Balmont
52%
Lyon 9e Duchère Château
52%
Lyon 3e Saxe - Paul Bert
52%
Lyon 1er (dir. Jean Macé) Subsistances
52%
Lyon 9e Duchère Martinière
42%
Lyon 9e Pont Koenig RD
42%
Lyon 9e Homme de la Roche RD
36%
Lyon 1er (dir. Jean Macé) Homme de la Roche RG
36%
Lyon 9e (dir. Jean Macé) Pont Koenig RG
36%
Lyon 9e Duchère Tunnel
33%
Lyon 9e Greillon
33%
Lyon 9e Simon Buisson
33%
Lyon 9e Avenue du Plateau
30%
Lyon 9e Duchère Les Érables
30%
Écully Les Sources La Romaine
27%
Lyon 5e Pierre Scize
27%
Champagne-au-Mont-d’Or Duchère Capucines
24%
Lyon 9e Mont Louis
24%
Aucun quiz correspondant
Distribution des résultats
% des personnes avec chaque résultat
Percentile par nombre de réponses
Votre historique - résultats
Vous n’avez pas pris ce quiz